000 03034cam a22005657a 4500
001 000063521
003 CHAP
005 20220329141105.0
008 971013s1996 mx a r 00010 spa d
010 _a62448
011 _a63420
020 _a9688843601
035 _a67596
040 _cCHAP
082 0 4 _a580.12
_bR6 1996
100 0 0 _aRodríguez Castañeda, Bertha
_ecomp.
_998376
245 1 0 _aBotánica sistemática /
_c/por Bertha Rodríguez C. y Ma. del Carmen Porras M.
260 _aChapingo, Méx. :
_bUACH. Dirección General de Difusión Cultural,
_c1996.
300 _a328 p. :
_b: ilus.
590 _aBATCH-UPD
_b10
_c20130110
_lUCH01
_h0053
590 _aBATCH-UPD
_b10
_c20130110
_lUCH01
_h2106
590 _aBATCH-UPD
_b10
_c20130409
_lUCH01
_h2041
590 _aBATCH-UPD
_b10
_c20130410
_lUCH01
_h1418
590 _aBATCH-UPD
_b10
_c20130914
_lUCH01
_h0735
590 _aCONVERSION
_b10
_c20130109
_lUCH01
_h1334
590 _aE11695DGD
_b10
_c20150225
_lUCH01
_h1112
650 1 4 _aBotánica
_xClasificación.
_914516
700 0 _aPorras Martínez, María del Carmen.
_990950
901 _aBK
942 _cLIBRO
942 _n0
949 _a580.12 R6
_bBC
_cLIBRO
_d33724000275715
_eLIBRO
_fc.2
_h18051
_i67596
_si
949 _a580.12 R6
_bBC
_cLIBRO
_d33724000519526
_eLIBRO
_fc.6
_gDonaciØn
_h73361
_i67596
_si
949 _a580.12 R6
_bBC
_cLIBRO
_d33724000680302
_eLIBRO
_fc.11
_gDonaciØn
_h92183
_i67596
_si
949 _a580.12 R6
_bBC
_cLIBRO
_d33724000680310
_eLIBRO
_fc.12
_gDonaciØn
_h92184
_i67596
_sb
949 _a580.12 R6
_bBC
_cLIBRO
_d33724000680328
_eLIBRO
_fc.13
_gDonaciØn
_h92185
_i67596
_si
949 _a580.12 R6
_bBC
_cLIBRO
_d33724000868204
_eLIBRO
_fc.3
_h18052
_i67596
_si
949 _a580.12 R6
_bBC
_cLIBRO
_d33724000873931
_eLIBRO
_fc.15
_gDonaciØn
_h104126
_i67596
_si
949 _a580.12 R6
_bBC
_cLIBRO
_d33724000885422
_eLIBRO
_fc.9
_gDonaciØn
_h96030
_i67596
_si
949 _a580.12 R6
_bBC
_cLIBRO
_d33724000900825
_eLIBRO
_fc.8
_gDonaciØn
_h78095
_i67596
_si
949 _a580.12 R6
_bBC
_cLIBRO
_d33724000912846
_eLIBRO
_fc.18
_gDonaciØn
_h104129
_i67596
_si
949 _a580.12 R6
_bBC
_cLIBRO
_d33724000912903
_eLIBRO
_fc.17
_gDonaciØn
_h104128
_i67596
_si
949 _a580.12 R6
_bBC
_cLIBRO
_d33724000936191
_eLIBRO
_fc.10
_h18050
_i67596
_si
949 _a580.12 R6
_bBC
_cLIBRO
_d33724000937629
_eLIBRO
_fc.4
_h18053
_i67596
_si
949 _a580.12 R6
_bBC
_cLIBRO
_d33724000954673
_eLIBRO
_fc.7
_grep.
_h104127rep.
_i67596
_si
949 _a580.12 R6
_bBC
_cLIBRO
_d33724002033678
_eLIBRO
_fc.19
_h108706
_i67596
_mSustituye a: Autor.- LØpez RŁos, Georgina Florencia ; TŁtulo.- Bot�nica: anatomŁa, morfofisiologŁa y diversidad ; ClasificaciØn.- 580 L62 c.3 ; NĐmero de AdquisiciØn.- 95626 ; NĐmero de Inventario.- No tiene
_so
_t$90.00
949 _a580.12 R6
_bBC
_cLIBRO
_d33724002203439
_eLIBRO
_fc.20
_h46179 sust.X
_i67596
_mEste ejemplar sustituye a la copia 11 del bib. 69713
_si
949 _a580.12 R6
_bBC
_cLIBRO
_d33724002206413
_eLIBRO
_gDonaciØn
_h92182
_i67596
_si
949 _a580.12 R6
_bBC
_cUACH
_d33724000680336
_eUACH
_fc.5
_h92186
_i67596
_si
999 _c62448
_d62448